| 000 | 00739aam a2200277 4500 | ||
|---|---|---|---|
| 005 | 20251215144127.0 | ||
| 008 | 150824b xxu||||| |||| 00| 0 spa d | ||
| 020 | _a9589501427 | ||
| 041 | _aESP | ||
| 082 | _a617.6 E19n | ||
| 100 |
_aEcheverri Guzman, Enrique _919271 |
||
| 100 |
_aSencherman Kovalki, Gisela _919272 |
||
| 245 | _aNeurofisiología de la oclusión | ||
| 260 | _aColombia | ||
| 260 | _bEdiciones Monserrate | ||
| 260 | _c1990 | ||
| 300 | _a239 páginas | ||
| 300 | _bIlustraciones a blanco y negro | ||
| 490 | _aMecánica Dental | ||
| 650 | _aOCLUSIÓN | ||
| 650 | _aSISTEMA ESTOMATOGNÁTICO | ||
| 650 | _aFISIOLOGÍA MANDIBULAR | ||
| 650 | _aMORFOLOGÍA OCLUSAL | ||
| 650 | _aBRUXISMO | ||
| 942 |
_cBK _2ddc |
||
| 999 |
_c630 _d630 |
||